Catálogo

Tú no morirás / (Registro nro. 34607)

Detalles MARC
000 -LEADER
fixed length control field 01360cam a2200349 i 4500
001 - CONTROL NUMBER
control field 34607
003 - CONTROL NUMBER IDENTIFIER
control field Mx-PuUPA
005 - DATE AND TIME OF LATEST TRANSACTION
control field 20260413085057.0
008 - FIXED-LENGTH DATA ELEMENTS--GENERAL INFORMATION
fixed length control field 140415s2026 sp gr 000 0 spa d
017 ## - COPYRIGHT OR LEGAL DEPOSIT NUMBER
Copyright or legal deposit number S. 39-2026
020 ## - INTERNATIONAL STANDARD BOOK NUMBER
International Standard Book Number 9788430122882
040 ## - CATALOGING SOURCE
Transcribing agency Mx-PuUPA
Original cataloging agency Mx-PuUPA
Language of cataloging spa
Modifying agency Mx-PuUPA
Description conventions rda
041 ## - LANGUAGE CODE
Language code of text/sound track or separate title spa
100 1# - MAIN ENTRY--PERSONAL NAME
Personal name Marcel, Gabriel,
Dates associated with a name 1889-1973
Relator term autor
9 (RLIN) 18005
240 10 - UNIFORM TITLE
Uniform title Tu ne mourras pas, textes choisis et présentés par Anne Marcel.
Language of a work Español
245 10 - TITLE STATEMENT
Title Tú no morirás /
Statement of responsibility, etc. Gabriel Marcel ; edición de Anne Marcel ; traducción de Mercedes Huarte Luxán
264 #1 - PRODUCTION, PUBLICATION, DISTRIBUTION, MANUFACTURE, AND COPYRIGHT NOTICE
Place of production, publication, distribution, manufacture Salamanca, España :
Name of producer, publisher, distributor, manufacturer Ediciones Sígueme,
Date of production, publication, distribution, manufacture, or copyright notice ©2026
300 ## - PHYSICAL DESCRIPTION
Extent 157 páginas ;
Dimensions 19 cm
336 ## - CONTENT TYPE
Fuente rdacontent
Content type term texto
Content type code txt
337 ## - MEDIA TYPE
Source rdamedia
Media type term sin medio
Media type code n
338 ## - CARRIER TYPE
Source rdacarrier
Carrier type term volumen
Carrier type code nc
490 0# - SERIES STATEMENT
Series statement El peso de los días ;
Volume/sequential designation 128
600 14 - SUBJECT ADDED ENTRY--PERSONAL NAME
Personal name Marcel, Gabriel, 1889-1973
General subdivision citas
650 #7 - SUBJECT ADDED ENTRY--TOPICAL TERM
Source of heading or term armarc
Topical term or geographic name entry element Filosofía francesa
Chronological subdivision Siglo XX
650 #7 - SUBJECT ADDED ENTRY--TOPICAL TERM
Source of heading or term armarc
Topical term or geographic name entry element Filosofía y religión
700 1# - ADDED ENTRY--PERSONAL NAME
Personal name Marcel, Anne,
Relator term editor
700 1# - ADDED ENTRY--PERSONAL NAME
Personal name Huarte Luxán, Mercedes,
Relator term traductor
765 0# - ORIGINAL LANGUAGE ENTRY
Main entry heading Marcel, Gabriel
Title Tu ne mourras pas, textes choisis et présentés par Anne Marcel
Place, publisher, and date of publication [lugar de publicación no identificado] : Éditions Arfuyen, 2005
942 ## - ADDED ENTRY ELEMENTS (KOHA)
Source of classification or shelving scheme Dewey Decimal Classification
Koha item type Libro
Classification part 194
Item part M2818
Existencias
Withdrawn status Lost status Source of classification or shelving scheme Damaged status Not for loan Collection code Home library Current library Shelving location Date acquired Source of acquisition Total Checkouts Full call number Barcode Checked out Date last seen Date last checked out Price effective from Koha item type
    Dewey Decimal Classification     Magisterial Biblioteca Karol Wojtyla Biblioteca Karol Wojtyla Módulo de circulación 03/12/2013 Compra 1 194 M2818 2026 61971 17/04/2027 17/04/2026 17/04/2026 03/12/2013 Magisterial